000 00593nam a22001817a 4500
999 _c169479
_d169479
005 20191122103438.0
010 _aENG-126958
020 _a9788181715104
_c500.00
035 _aEN-110490
037 _bDBAD/PUB
082 _a591.95452
245 _aFaunal diversity of chail wildlife sanctuary :
_b(district Solan,Himachal Pradesh)
260 _aNew Alipore
_bZoological survey of India kolkata
_c2018
270 _aM-Block,New Alipore
_bKolkata
_e700053
300 _a151p.
_c24cm(Hb)
_bill.
490 _aConservation Area Series,63
942 _2ddc
_cEN
_h591.95452
_mFAU